Adivinhas (Registo nº 2024)

Detalhes MARC
000 -Etiqueta do registo
Cabeçalho 00874nam a22002891 4500
005 - Identificador da versão
Campo de controlo 20240813121923.0
010 ## - Número internacional normalizado dos livros (ISBN)
Número (ISBN) 9727508448
021 ## - Número do Depósito Legal
Código do país PT
Número 153975/00
100 ## - Dados gerais de processamento
Dados gerais de processamento 20020315d2000 cd y0pory5003 ba
102 ## - Pais de publicação ou produção
País de publicação Portugal
101 1# - Língua de publicação
Língua do texto, banda sonora, etc. Português
Língua do documento no original Espanhol
106 ## - Campo de dados codificados: material textual
Dados codificados do material textual r
105 ## - Campo de dados codificados: livros
Dados codificados dos livros a z 000zy
215 ## - Descrição física 
Indicação específica da natureza do documento e extensão da espécie 43, [5] p.
Outras indicações físicas todo il.
Dimensões 22 cm
200 1# - Titulo e menção de responsabilidade
Título próprio Adivinhas
Informação de outro título textos populares
Primeira menção de responsabilidade il. Mº Fe Quesada
Outras menções de responsabilidade coord. edit. Carla Rodrigues Pires
225 2# - Colecção 
Título próprio da colecção Montanha encantada
Nome de uma parte ou secção primeiros leitores
Indicação de volume 1
210 ## - Publicação, Distribuição, etc. 
Lugar da edição, distribuição, etc. Rio de Mouro
Nome do editor, distribuidor, etc. Everest
Data da publicação, distribuição, etc. imp. 2000
606 ## - Nome comum usado como assunto
Número de registo de entrada de autoridade 0000148
Palavra de ordem Literatura estrangeira infantil
Subdivisão de assunto Poesia
Número de registo de entrada de autoridade 0000094
Palavra de ordem Adivinhas
675 ## - Classificação Decimal Universal (CDU)
Notação 82-1
Edição
Língua da edição por
702 #1 - Nome de autor-pessoa física (responsabilidade secundária)
Número de registo de entrada de autoridade 0000722
Palavra de ordem Pires
Outra parte do nome não tomada para palavra de ordem Carla Rodrigues
Código de função Editor literário / Coordenador
701 #1 - Nome de autor-pessoa física (co-responsabilidade principal)
Palavra de ordem Quesada
Outra parte do nome não tomada para palavra de ordem Maria Fe
Código de função Ilustrador / Técnico de desenho computorizado
942 ## - Elementos de entrada adicionados (Koha)
Tipo de item no Koha Livro
Exemplares
Situação do levantamento Origin of item (home branch) (coded) Biblioteca de empréstimo Código de barras Cota Circulation type (not for loan) Tipo de documento Nota do exemplar Damaged status
  Biblioteca Escolar da Coca Maravilhas Biblioteca Escolar da Coca Maravilhas BECM5715/02 8EST QUE   Livro Sem mensagem